[Event "AUS-ch"]
[Site "Melbourne"]
[Date "2014.01.04"]
[Round "4"]
[White "Brown, Andrew"]
[Black "Tang, Jason"]
[Result "1-0"]
[WhiteElo "2259"]
[BlackElo "2067"]
[PlyCount "59"]
[EventDate "2014.01.02"]
[EventType "swiss"]
[EventRounds "11"]
[EventCountry "AUS"]
[SourceTitle "CBM 158 Extra"]
[Source "ChessBase"]
[SourceDate "2014.02.28"]
[SourceVersion "1"]
[SourceVersionDate "2014.02.28"]
[SourceQuality "1"]

1. d4 d5 2. c4 e6 3. Nc3 Nf6 4. Nf3 Be7 5. Bf4 0-0 6. e3 Nh5 7. Be5 Nc6 8. Bd3 Nxe5 9. Nxe5 Nf6 10. c5 Nd7 11. f4 Nxe5 12. fxe5 Bg5 13. h4 Bxh4+ 14. g3 Bxg3+ 15. Kd2 h6 16. Qh5 f5 17. Ne2 Bxe5 18. dxe5 Qg5 19. Qf3 Qe7 20. Rag1 Kh7 21. Nf4 Bd7 22. Rg6 Be8 23. Rxe6 Qxc5 24. Rexh6+ gxh6 25. Rxh6+ Kxh6 26. Qh3+ Kg7 27. Ne6+ Kg8 28. Qg2+ Kf7 29. Nxc5 Bc6 30. Bxf5 1-0

[Event "AUS-ch"]
[Site "Melbourne"]
[Date "2014.01.02"]
[Round "1"]
[White "Tang, Jason"]
[Black "Smirnov, Anton"]
[Result "0-1"]
[WhiteElo "2067"]
[BlackElo "2338"]
[PlyCount "100"]
[EventDate "2014.01.02"]
[EventType "swiss"]
[EventRounds "11"]
[EventCountry "AUS"]
[SourceTitle "CBM 158 Extra"]
[Source "ChessBase"]
[SourceDate "2014.02.28"]
[SourceVersion "1"]
[SourceVersionDate "2014.02.28"]
[SourceQuality "1"]

1. d4 Nf6 2. c4 g6 3. Nc3 d5 4. cxd5 Nxd5 5. e4 Nxc3 6. bxc3 Bg7 7. Be3 c5 8. Qd2 Qa5 9. Rb1 a6 10. Rc1 Nc6 11. d5 Ne5 12. h3 0-0 13. c4 Qxd2+ 14. Kxd2 Nd7 15. Bd3 b5 16. Ne2 b4 17. f4 e5 18. f5 gxf5 19. exf5 e4 20. Bxe4 Re8 21. Bd3 a5 22. g4 a4 23. g5 Be5 24. Bf4 b3 25. Bxe5 Nxe5 26. Rhf1 b2 27. Rc3 Nxd3 28. Rxd3 Bxf5 29. Nc3 Bxd3 30. Kxd3 a3 31. Ne4 Rxe4 32. Kxe4 Rb8 33. Rb1 Kf8 34. d6 Ke8 35. Kd5 Kd7 36. Kxc5 Rb3 37. Kd4 Kxd6 38. h4 Rh3 39. c5+ Kc6 40. Kc4 Rxh4+ 41. Kb3 Rh3+ 42. Kb4 Rg3 43. Rf1 Rxg5 44. Kxa3 Rg2 45. Kb4 f5 46. a4 h5 47. a5 Rc2 48. Rb1 Rxc5 49. a6 Rc2 50. Ka5 h4 0-1

[Event "Begonia op 46th"]
[Site "Ballarat"]
[Date "2012.03.11"]
[Round "3"]
[White "Tan, Justin Hy"]
[Black "Tang, Jason"]
[Result "1-0"]
[WhiteElo "2179"]
[BlackElo "2056"]
[PlyCount "73"]
[EventDate "2012.03.10"]
[EventType "swiss"]
[EventRounds "7"]
[EventCountry "AUS"]
[SourceTitle "EXT 2019"]
[Source "ChessBase"]
[SourceDate "2018.10.10"]
[SourceVersion "1"]
[SourceVersionDate "2018.10.10"]
[SourceQuality "1"]

1. e4 c5 2. Nf3 e6 3. d4 cxd4 4. Nxd4 Qb6 5. Nb3 Nf6 6. Qe2 d5 7. exd5 Nxd5 8. g3 Bd7 9. Bg2 Bc6 10. 0-0 Nd7 11. N1d2 Be7 12. Nc4 Qc7 13. Nd4 N7f6 14. Ne5 Bd6 15. Nexc6 bxc6 16. c4 Ne7 17. Nb5 Qb8 18. Nxd6+ Qxd6 19. Rd1 Qb4 20. Bf4 Rc8 21. a3 Qb6 22. b4 0-0 23. Bd6 Rfe8 24. a4 a5 25. b5 c5 26. Be5 Red8 27. Rxd8+ Rxd8 28. Rd1 Ng6 29. Bc3 Rd4 30. Bxd4 cxd4 31. Qf3 Nd7 32. Qc6 Qa7 33. c5 Ne7 34. b6 Nxc6 35. bxa7 Nxa7 36. Rxd4 Nf8 37. Rd8 1-0

[Event "Queenstown op"]
[Site "Queenstown"]
[Date "2012.01.23"]
[Round "9"]
[White "Ker, Anthony F"]
[Black "Tang, Jason"]
[Result "0-1"]
[WhiteElo "2359"]
[BlackElo "2030"]
[PlyCount "94"]
[EventDate "2012.01.15"]
[EventType "swiss"]
[EventRounds "9"]
[EventCountry "NZL"]
[SourceTitle "CBM 146 Extra"]
[Source "ChessBase"]
[SourceDate "2012.02.29"]
[SourceVersion "1"]
[SourceVersionDate "2012.02.29"]
[SourceQuality "1"]

1. e4 e6 2. d4 d5 3. e5 c5 4. c3 Nc6 5. Nf3 Bd7 6. Be2 Nge7 7. Na3 Ng6 8. h4 cxd4 9. cxd4 Bb4+ 10. Kf1 h6 11. Nc2 Be7 12. Bd3 0-0 13. Rh3 f5 14. Rg3 Kf7 15. h5 Nh4 16. Ng1 Qb6 17. Be2 f4 18. Rb3 Qc7 19. Bxf4 Kg8 20. Nh3 Rf7 21. Ne3 a5 22. g3 Nf5 23. Nxf5 Rxf5 24. Bd3 Rf7 25. Bg6 Rff8 26. Rc1 a4 27. Bb1 axb3 28. Qd3 Rf5 29. axb3 Qb6 30. g4 Nb4 31. Qd2 Rf7 32. Bg6 Raf8 33. Bxf7+ Rxf7 34. Kg2 Nc6 35. Be3 Qxb3 36. g5 hxg5 37. Rc3 Qb4 38. Bxg5 Qxd4 39. Qxd4 Nxd4 40. Rc7 Bxg5 41. Nxg5 Rf5 42. f4 Rxf4 43. Kg3 Rf5 44. Kg4 Bb5 45. h6 Be2+ 46. Kh4 gxh6 47. Nh7 Nf3+ 0-1

[Event "Queenstown op"]
[Site "Queenstown"]
[Date "2012.01.19"]
[Round "5"]
[White "Gu, Xiaobing"]
[Black "Tang, Jason"]
[Result "1-0"]
[WhiteElo "2244"]
[BlackElo "2030"]
[PlyCount "67"]
[EventDate "2012.01.15"]
[EventType "swiss"]
[EventRounds "9"]
[EventCountry "NZL"]
[SourceTitle "CBM 146 Extra"]
[Source "ChessBase"]
[SourceDate "2012.02.29"]
[SourceVersion "1"]
[SourceVersionDate "2012.02.29"]
[SourceQuality "1"]

1. e4 e6 2. d4 d5 3. Nd2 Nf6 4. e5 Nfd7 5. Bd3 c5 6. c3 Nc6 7. Ne2 cxd4 8. cxd4 f6 9. exf6 Nxf6 10. 0-0 Bd6 11. Nf3 Qc7 12. Bg5 0-0 13. Ng3 h6 14. Bd2 Qb6 15. Bc3 Bd7 16. Re1 Rac8 17. a3 Rc7 18. Rc1 Bc8 19. Bb1 g5 20. Ne5 Rg7 21. Ng6 Rff7 22. Nh5 Nxh5 23. Qxh5 Bf4 24. Rcd1 Qd8 25. Rd3 Rf6 26. Rf3 Bd7 27. Qxh6 Rh7 28. Ne7+ Qxe7 29. Bxh7+ Qxh7 30. Qxf6 Qxh2+ 31. Kf1 Ne5 32. Rh3 Bb5+ 33. Re2 Bxe2+ 34. Kxe2 1-0

[Event "Queenstown op"]
[Site "Queenstown"]
[Date "2012.01.15"]
[Round "1"]
[White "Beckman, John"]
[Black "Tang, Jason"]
[Result "1/2-1/2"]
[WhiteElo "1719"]
[BlackElo "2030"]
[PlyCount "144"]
[EventDate "2012.01.15"]
[EventType "swiss"]
[EventRounds "9"]
[EventCountry "NZL"]
[SourceTitle "CBM 146 Extra"]
[Source "ChessBase"]
[SourceDate "2012.02.29"]
[SourceVersion "1"]
[SourceVersionDate "2012.02.29"]
[SourceQuality "1"]

1. e4 e6 2. c4 c5 3. Nc3 Nc6 4. Nf3 a6 5. a3 g6 6. d4 cxd4 7. Nxd4 Bg7 8. Nxc6 bxc6 9. Be2 Ne7 10. Qd6 Bb7 11. Bf4 Nc8 12. Qd2 c5 13. 0-0 0-0 14. f3 Ne7 15. Kh1 Bd4 16. Bh6 Re8 17. Bd3 Qc7 18. Ne2 Bh8 19. Rab1 Nc6 20. Bf4 e5 21. Bh6 Nd4 22. Nc3 d6 23. b4 Bc6 24. Nd5 Bxd5 25. cxd5 a5 26. bxc5 Qxc5 27. Qc1 Rac8 28. Qxc5 Rxc5 29. Rfc1 Rxc1+ 30. Rxc1 Bg7 31. Bd2 Nb3 32. Rc2 Rb8 33. Rb2 a4 34. Bb4 Nc5 35. Bc2 Bh6 36. Bc3 Rc8 37. g3 Bc1 38. Ra2 Nb3 39. Bb4 Rd8 40. Bd3 Nd4 41. Kg2 Kf8 42. Bc2 Nb3 43. Bd1 Ke7 44. Rc2 Be3 45. Rc3 Bd4 46. Rc4 h5 47. Be1 Nc5 48. Be2 f5 49. exf5 gxf5 50. f4 h4 51. g4 Rh8 52. h3 Be3 53. fxe5 dxe5 54. Bb4 Kd6 55. Bxc5+ Bxc5 56. gxf5 Rg8+ 57. Bg4 Rb8 58. Rxa4 Rb2+ 59. Kf1 Rf2+ 60. Ke1 Kxd5 61. Ra5 Ra2 62. a4 Kd4 63. Ra8 Ke3 64. Rb8 Rxa4 65. Rb3+ Ke4 66. f6 Ra6 67. Rf3 Ra1+ 68. Kd2 Ra8 69. Rc3 Bb4 70. Bf3+ Kd4 71. Bxa8 Bxc3+ 72. Ke2 e4 1/2-1/2

[Event "AUS-ch Major"]
[Site "Geelong"]
[Date "2012.01.08"]
[Round "11"]
[White "Tang, Jason"]
[Black "Nakauchi, Gene"]
[Result "0-1"]
[WhiteElo "2008"]
[BlackElo "2116"]
[PlyCount "58"]
[EventDate "2011.12.27"]
[EventType "swiss"]
[EventRounds "11"]
[EventCountry "AUS"]
[SourceTitle "CBM 146 Extra"]
[Source "ChessBase"]
[SourceDate "2012.02.29"]
[SourceVersion "1"]
[SourceVersionDate "2012.02.29"]
[SourceQuality "1"]

1. d4 Nf6 2. c4 c5 3. d5 e6 4. Nc3 exd5 5. cxd5 d6 6. Nf3 g6 7. h3 Bg7 8. e4 0-0 9. Bd3 b5 10. Nxb5 Nxe4 11. Bxe4 Re8 12. Ng5 h6 13. Ne6 Qa5+ 14. Nc3 Ba6 15. Qf3 fxe6 16. dxe6 Bxc3+ 17. bxc3 Rxe6 18. Kd2 Nd7 19. Bd5 Rae8 20. Bxe6+ Rxe6 21. Qd5 Kf7 22. Re1 Ne5 23. Re4 Qb6 24. Qb3 Qc6 25. Rf4+ Ke7 26. Kc2 g5 27. Ra4 c4 28. Qb4 Qe4+ 29. Kd1 Nd3 0-1

[Event "AUS-ch Major"]
[Site "Geelong"]
[Date "2012.01.03"]
[Round "7"]
[White "Zelesco, Karl"]
[Black "Tang, Jason"]
[Result "0-1"]
[WhiteElo "1976"]
[BlackElo "2008"]
[PlyCount "56"]
[EventDate "2011.12.27"]
[EventType "swiss"]
[EventRounds "11"]
[EventCountry "AUS"]
[SourceTitle "CBM 146 Extra"]
[Source "ChessBase"]
[SourceDate "2012.02.29"]
[SourceVersion "1"]
[SourceVersionDate "2012.02.29"]
[SourceQuality "1"]

1. c4 e6 2. Nc3 d5 3. d4 Nf6 4. cxd5 exd5 5. Bg5 Be7 6. e3 0-0 7. Bd3 h6 8. Bh4 c5 9. dxc5 Nbd7 10. b4 a5 11. a3 axb4 12. axb4 Rxa1 13. Qxa1 d4 14. exd4 Nxc5 15. dxc5 Qxd3 16. Bg3 Ne4 17. Nxe4 Qxe4+ 18. Kf1 Rd8 19. f3 Qc2 20. Qe5 Be6 21. Ne2 Rd2 22. Kf2 Bf6 23. Qb8+ Rd8 24. Qxb7 Bc4 25. Re1 Bd4+ 26. Kf1 Re8 27. Qd7 Bxe2+ 28. Rxe2 Qxe2# 0-1

[Event "AUS-ch Major"]
[Site "Geelong"]
[Date "2011.12.31"]
[Round "5"]
[White "Tang, Jason"]
[Black "Liu, Yi"]
[Result "1/2-1/2"]
[WhiteElo "2008"]
[BlackElo "2039"]
[PlyCount "103"]
[EventDate "2011.12.27"]
[EventType "swiss"]
[EventRounds "11"]
[EventCountry "AUS"]
[SourceTitle "CBM 146 Extra"]
[Source "ChessBase"]
[SourceDate "2012.02.29"]
[SourceVersion "1"]
[SourceVersionDate "2012.02.29"]
[SourceQuality "1"]

1. d4 d5 2. c4 c6 3. Nf3 Nf6 4. e3 Bf5 5. Nc3 e6 6. Nh4 Bg6 7. Nxg6 hxg6 8. h3 Nbd7 9. Bd2 Bd6 10. c5 Bc7 11. Bd3 e5 12. 0-0 Qe7 13. b4 e4 14. Be2 Qe6 15. f4 exf3 16. Bxf3 0-0 17. Qb3 Rfe8 18. b5 g5 19. g4 Ba5 20. Rae1 Bxc3 21. Bxc3 Ne4 22. bxc6 bxc6 23. Ba5 Rab8 24. Qc2 Ndf6 25. Rb1 Qd7 26. Qh2 Rb7 27. Rb2 Qc8 28. Rfb1 Ree7 29. Be2 Kh7 30. Bd3 Kg8 31. Rb3 Ne8 32. R1b2 Rxb3 33. Rxb3 N4f6 34. Rb8 Qe6 35. Bd2 Ne4 36. Bc1 Qf6 37. Qg2 Kf8 38. Qf1 Qe6 39. Ba6 Rc7 40. Qe2 Ke7 41. Qh2 Qf6 42. Ba3 Rd7 43. Bc8 Qf3 44. Qe5+ Kf8 45. Bxd7 Qxe3+ 46. Kg2 Qe2+ 47. Kg1 Qe1+ 48. Kg2 Qf2+ 49. Kh1 Qf1+ 50. Kh2 Qf2+ 51. Kh1 Qf1+ 52. Kh2 1/2-1/2

[Event "AUS-ch Major"]
[Site "Geelong"]
[Date "2011.12.27"]
[Round "1"]
[White "Tang, Jason"]
[Black "Steadman, Michael VR"]
[Result "1-0"]
[WhiteElo "2008"]
[BlackElo "2269"]
[PlyCount "79"]
[EventDate "2011.12.27"]
[EventType "swiss"]
[EventRounds "11"]
[EventCountry "AUS"]
[SourceTitle "CBM 146 Extra"]
[Source "ChessBase"]
[SourceDate "2012.02.29"]
[SourceVersion "1"]
[SourceVersionDate "2012.02.29"]
[SourceQuality "1"]

1. d4 e6 2. c4 f5 3. Nc3 Nf6 4. Bg5 Be7 5. e3 b6 6. Nf3 Bb7 7. Bd3 Ne4 8. Bxe7 Qxe7 9. Bxe4 fxe4 10. Nd2 d5 11. Qh5+ Qf7 12. Qxf7+ Kxf7 13. Rc1 c6 14. cxd5 exd5 15. Nxd5 cxd5 16. Rc7+ Ke6 17. Rxb7 Rc8 18. Kd1 Nd7 19. f3 Kd6 20. fxe4 Kc6 21. Rxd7 Kxd7 22. exd5 Rf8 23. Nf3 Kd6 24. e4 Rae8 25. Re1 Rf4 26. Ne5 Rc8 27. b3 Rf2 28. Nc4+ Kc7 29. d6+ Kd8 30. e5 b5 31. Ne3 Kd7 32. Re2 Rxe2 33. Kxe2 Rc1 34. Kd3 Ra1 35. Ke4 Rxa2 36. Kd5 Re2 37. e6+ Kd8 38. Nf5 Rxg2 39. h4 h6 40. Ne7 1-0

[Event "AUS-ch Major"]
[Site "Cammeray"]
[Date "2010.01.07"]
[Round "5"]
[White "Tang, Jason"]
[Black "Guo, Emma"]
[Result "1-0"]
[WhiteElo "1996"]
[BlackElo "1812"]
[PlyCount "125"]
[EventDate "2010.01.02"]
[EventType "swiss"]
[EventRounds "11"]
[EventCountry "AUS"]
[SourceTitle "EXT 2011"]
[Source "ChessBase"]
[SourceDate "2010.11.26"]
[SourceVersion "1"]
[SourceVersionDate "2010.11.26"]
[SourceQuality "1"]

1. Nf3 d6 2. d4 Nf6 3. c4 g6 4. Nc3 Bg7 5. e4 Nbd7 6. Be2 c5 7. e5 dxe5 8. dxe5 Ng4 9. e6 Nde5 10. Qa4+ Nc6 11. Ng5 Nh6 12. Bf3 0-0 13. Bxc6 bxc6 14. Qxc6 Qd3 15. Nd5 Bxe6 16. Nxe6 Qe4+ 17. Be3 Qxe6 18. Qxe6 fxe6 19. Nc7 Rac8 20. Nxe6 Rf6 21. Nxg7 Kxg7 22. Ke2 Ng4 23. Rhd1 Nxe3 24. fxe3 Rcf8 25. Rf1 Rc8 26. Rad1 Rxf1 27. Rxf1 Rc6 28. Rf2 Rd6 29. b3 Ra6 30. Kd3 Rd6+ 31. Kc2 Re6 32. Rf3 Rd6 33. a3 Ra6 34. Kb2 Rb6 35. g3 a5 36. Kc3 h5 37. Rf2 Kh6 38. h4 Re6 39. Re2 g5 40. b4 cxb4+ 41. axb4 axb4+ 42. Kxb4 gxh4 43. gxh4 Re4 44. Kb5 Rxh4 45. c5 Rg4 46. Kb6 Rb4+ 47. Kc7 Rc4 48. c6 Rc3 49. Kd7 Rd3+ 50. Kxe7 Rc3 51. Kd7 Rd3+ 52. Kc8 h4 53. c7 Rc3 54. e4 h3 55. Rd2 Kg6 56. Kd7 h2 57. Rxh2 Rd3+ 58. Ke6 Rc3 59. Rg2+ Kh7 60. Kd7 Rd3+ 61. Kc8 Re3 62. Rd2 Rxe4 63. Kd7 1-0

[Event "AUS-ch Major"]
[Site "Cammeray"]
[Date "2010.01.02"]
[Round "1"]
[White "Craven, Mark"]
[Black "Tang, Jason"]
[Result "0-1"]
[WhiteElo "1655"]
[BlackElo "1996"]
[PlyCount "58"]
[EventDate "2010.01.02"]
[EventType "swiss"]
[EventRounds "11"]
[EventCountry "AUS"]
[SourceTitle "EXT 2011"]
[Source "ChessBase"]
[SourceDate "2010.11.26"]
[SourceVersion "1"]
[SourceVersionDate "2010.11.26"]
[SourceQuality "1"]

1. e4 e6 2. d4 d5 3. Nc3 Nf6 4. Bg5 Be7 5. e5 Ne4 6. Bxe7 Qxe7 7. Nxe4 dxe4 8. Qd2 b6 9. 0-0-0 0-0 10. h4 Bb7 11. Qe3 Nd7 12. Ne2 f6 13. f4 exf3 14. gxf3 fxe5 15. Bg2 Qf6 16. Rhf1 Rae8 17. c3 Ba6 18. Rh1 Re7 19. b3 exd4 20. Rxd4 e5 21. Rg4 Qc6 22. Ng3 Nf6 23. Nf5 Rd7 24. f4 Nxg4 25. Bxc6 Nxe3 26. Bxd7 Nxf5 27. Be6+ Kh8 28. Bxf5 Rxf5 29. fxe5 Rf1+ 0-1

[Event "AUS-ch U18"]
[Site "Adelaide"]
[Date "2009.01.11"]
[Round "9"]
[White "Tang, Jason"]
[Black "Cameron, Alistair"]
[Result "0-1"]
[WhiteElo "1791"]
[BlackElo "1596"]
[PlyCount "74"]
[EventDate "2009.01.02"]
[EventType "swiss"]
[EventRounds "11"]
[EventCountry "AUS"]
[SourceTitle "CBM 128 Extra"]
[Source "ChessBase"]
[SourceDate "2009.03.05"]
[SourceVersion "2"]
[SourceVersionDate "2009.03.25"]
[SourceQuality "1"]

1. d4 Nf6 2. c4 g6 3. Nc3 d5 4. Bg5 Ne4 5. Bf4 Nxc3 6. bxc3 Bg7 7. e3 c5 8. Nf3 0-0 9. Bd3 Qa5 10. Qd2 dxc4 11. Bxc4 Nc6 12. Rb1 a6 13. 0-0 Rd8 14. Ng5 e6 15. Qb2 b5 16. Be2 e5 17. Bf3 exf4 18. Bxc6 Rb8 19. Qb3 Qc7 20. Bd5 Rf8 21. Rbe1 c4 22. Qa3 Qd8 23. Qc5 h6 24. Nxf7 Rxf7 25. exf4 Bf8 26. Bxf7+ Kxf7 27. Qe5 Bf5 28. Re3 Rc8 29. f3 Bg7 30. Qe4 Bxe4 31. fxe4 b4 32. f5 gxf5 33. Rxf5+ Kg8 34. Rd5 Qb6 35. Rg3 bxc3 36. Rd7 Qb1+ 37. Kf2 Qc2+ 0-1

[Event "AUS-ch U18"]
[Site "Adelaide"]
[Date "2009.01.08"]
[Round "7"]
[White "Tang, Jason"]
[Black "Ousmand, Nizami"]
[Result "1-0"]
[WhiteElo "1791"]
[BlackElo "1532"]
[PlyCount "127"]
[EventDate "2009.01.02"]
[EventType "swiss"]
[EventRounds "11"]
[EventCountry "AUS"]
[SourceTitle "CBM 128 Extra"]
[Source "ChessBase"]
[SourceDate "2009.03.05"]
[SourceVersion "2"]
[SourceVersionDate "2009.03.25"]
[SourceQuality "1"]

1. e4 c5 2. Nf3 d6 3. Bb5+ Bd7 4. Bxd7+ Nxd7 5. 0-0 Ngf6 6. Re1 g6 7. c3 Qc7 8. d4 cxd4 9. cxd4 Bg7 10. Nc3 0-0 11. Bf4 Nh5 12. Bg5 Nb6 13. Rc1 Qd7 14. e5 h6 15. Bh4 e6 16. Ne4 dxe5 17. dxe5 Qxd1 18. Rexd1 g5 19. Bg3 Nxg3 20. hxg3 g4 21. Nh2 Bxe5 22. Nxg4 Bxb2 23. Rc7 Bg7 24. Nef6+ Bxf6 25. Nxf6+ Kg7 26. Nh5+ Kh7 27. Nf4 Kg8 28. Rxb7 Rfb8 29. Rc7 a5 30. Rd6 Nd5 31. Nxd5 exd5 32. Rxd5 Rb2 33. Rdd7 Rxa2 34. Rxf7 a4 35. Rg7+ Kh8 36. Rh7+ Kg8 37. Rcg7+ Kf8 38. Ra7 Rxa7 39. Rxa7 Ra1+ 40. Kh2 a3 41. g4 a2 42. Kg3 Kg8 43. f3 Kf8 44. Kf4 Ke8 45. g5 Rb1 46. Rxa2 Rb4+ 47. Kg3 hxg5 48. Ra5 g4 49. f4 Rb2 50. Rg5 Kf7 51. Rxg4 Rb1 52. Rg5 Kf6 53. Ra5 Rg1 54. Kf3 Rf1+ 55. Kg4 Rg1 56. g3 Kg6 57. Ra6+ Kg7 58. f5 Rh1 59. Kg5 Rh8 60. Ra7+ Kg8 61. Ra8+ Kg7 62. Rxh8 Kxh8 63. Kf6 Kg8 64. Ke7 1-0

[Event "Box Hill CC-ch"]
[Site "Box Hill"]
[Date "2005.06.11"]
[Round "2.19"]
[White "Van Riel, Bas"]
[Black "Tang, Jason"]
[Result "1-0"]
[WhiteElo "1852"]
[BlackElo "1298"]
[PlyCount "47"]
[EventDate "2005.06.11"]
[EventType "swiss"]
[EventRounds "7"]
[EventCountry "AUS"]
[SourceTitle "EXT 2018"]
[Source "ChessBase"]
[SourceDate "2017.10.13"]
[SourceVersion "1"]
[SourceVersionDate "2017.10.13"]
[SourceQuality "1"]

1. e4 e6 2. d4 d5 3. Nc3 Nf6 4. e5 Nfd7 5. Nce2 c5 6. c3 Nc6 7. Nf3 Qc7 8. Be3 c4 9. b3 Nb6 10. Nd2 cxb3 11. axb3 Be7 12. Ng3 0-0 13. Bd3 Bd7 14. Nh5 Kh8 15. Nxg7 Rg8 16. Nh5 Qd8 17. Qf3 Qf8 18. Nf6 Bxf6 19. Qh5 Rg6 20. exf6 Qg8 21. Bxg6 Qxg6 22. Qxg6 fxg6 23. Bh6 e5 24. f7 1-0

[Event "Box Hill Victorian-ch U20"]
[Site "Box Hill"]
[Date "2005.04.24"]
[Round "3"]
[White "Tang, Jason"]
[Black "Lau, Aaron"]
[Result "1-0"]
[WhiteElo "1279"]
[BlackElo "354"]
[PlyCount "67"]
[EventDate "2005.04.23"]
[EventType "swiss"]
[EventRounds "7"]
[EventCountry "AUS"]
[SourceTitle "EXT 2010"]
[Source "ChessBase"]
[SourceDate "2010.11.25"]
[SourceVersion "1"]
[SourceVersionDate "2010.11.25"]
[SourceQuality "1"]

1. e4 e6 2. d4 d5 3. Nc3 Nf6 4. Bg5 Be7 5. e5 Nfd7 6. Bxe7 Qxe7 7. Nf3 0-0 8. Bd3 Qb4 9. Qd2 c5 10. 0-0 cxd4 11. Nxd4 Qxd4 12. Bxh7+ Kxh7 13. Qxd4 Nc6 14. Qh4+ Kg8 15. f4 Nd4 16. Rac1 Nf5 17. Qf2 b6 18. g4 Nh6 19. Qg3 Ba6 20. Rf2 Nc5 21. f5 d4 22. Nb1 Ne4 23. Qh3 Ng5 24. Qg2 Rad8 25. f6 Bb7 26. Qxb7 Nh3+ 27. Kf1 Nxf2 28. Kxf2 Nxg4+ 29. Ke2 Nxe5 30. Qg2 g6 31. Qh3 d3+ 32. cxd3 Nxd3 33. Qh6 Nf4+ 34. Qxf4 1-0